1356 1933 1194 1997 1439 1492 1701 1058 1105 1491 1399 1870 1071 1321 1090 1654 1601 1475 1764 1506 1327 1072 1561 1537 1503 1874 1297 1561 1856 1752 1629 1392 1992 1025 1338 1959 1529 1694 1161 1756 1259 1566 1374 1924 1009 1175 1081 1868 1435 1828 1424 1438 1818 1043 1362 1644 1430 1176 1337 1034 1776 1985 1778 1931 1746 1985 1545 1123 1554 1341 1968 1536 1195 1202 1813 1880 1446 1446 1716 1435 1134 1631 1843 1041 1923 1312 1368 1288 1560 1096 1728 1961 1840 1397 1783 1016 1252 1596 1403 BCNSPRNW ULIB Ver.6.0+V

เปลี่ยนเป็นภาษาไทย

Change to English
 แสดงรายละเอียดบรรณานุกรม
  กลับหน้าหลัก

Brief Record : Get Marc (ISO 2709) : E-mail record : QR code < ปิดหน้าต่าง
LEADER : 00000nam 2200000uu 4500
001    13399115095
003     ULIB
008    120110s2552||||th 000 0 tha d
099    วจ.WT120^bว329พ
100 0  วริศา จันทรังสีวรกุล
245 00 พฤติกรรมส่งเสริมสุขภาพและภาวะสุขภาพของผู้สูงอายุในเขตเทศบาลนคร นครสวรรค์/^cวริศา จันทรังสีวรกุล ,จิราจันทร์ คณฑา และวรรณา บุญนวน
260    นครสวรรค์ :^bวิทยาลัยพยาบาลบรมราชชนนี สวรรค์ประชารักษ์ นครสวรรค์,^c2552
300    80 หน้า
650  7 ผู้สูงอายุ^xพฤติกรรมส่งเสริมสุขภาพ^xวิจัย
700 0  จิราจันทร์ คณฑา
700 0  วรรณา บุญนวน
710 1  วิทยาลัยพยาบาลบรมราชชนนี สวรรค์ประชารักษ์ นครสวรรค์
945    ^p0^l0^i026508
995    ทศพร
999 ^a ทศพร
รายการนี้ยังไม่มีแท็ก
คุณยังไม่ได้ล็อกอิน คุณสามารถมีกิจกรรมร่วมกับเว็บไซต์ได้ แต่ต้องล็อกอินก่อน ::
  ล็อกอิน

รายการสื่อสารสนเทศ

ลำดับที่ ประเภท เลขเรียก/บาร์โค้ด สถานที่ สถานะ
1. งานวิจัย
งานวิจัย
วจ.WT120 ว329พ ฉ.1 
  Barcode: 026508
ห้องสมุดวิทยาเขตสวรรค์ประชารักษ์
►วิจัย
บนชั้น

รายการใกล้เคียง
    ผู้แต่ง [วริศา จันทรังสีวรกุล]

BibComment


ยังไม่เคยถูกคอมเมนท์

คอมเมนท์ทรัพยากรรายการนี้
  คอมเมนท์: พฤติกรรมส่งเสริมส..


 Copyright 2026. Bcnsprnw @Library